000 00771nam a2200313Ia 4500
001 8144
005 20240113234052.0
007 ta
008 050716s1972 a g b000 u eng u
040 _aCotton College,Assam
041 _aeng
082 _a910
_bP 923 P
100 _aPrescott, J.R.V. .
245 0 _aPolitical Geography /
_cJ.R.V. Prescott.
_hTextual Documents
250 _a1st ed. /
260 _aLondon :
_bMetheen & Co Ltd ,
_c1972.
300 _a124p. :
_bill ;
_c23cm .
504 _aIndex
653 _aGeography-Politics
653 _aGeopolitics
653 _aPG-Geography
653 _aG-Geography
942 _2ddc
_cBK
999 _c8131
_d8131